00687nam a22001811a 450000100060000000300040000600500170001000800410002702000180006805000160008624501600010226400350026230000100029749000350030750000270034265000460036970000900041511359OSt20260204212240.0120823s2010||||ck ||||||b||||||||||spa|| a9789582010089 a510.7 D562d aLa didáctica y la dificultad en Matemática: Análisis de situaciones con falta de Aprendizaje / Bruno D. Amore Martha Isabel Fandeño Pinillo [et-al] aColombia: Magisterio editorial a206 P aDidactica de las Matemáticas aIncluye bibliografía aMatemáticas - Enseñanza 2.Pedagogía aD´Amore, Bruno II.Fondiño Martha Isabel III.Marazzani, Ines IV.Sbaragli, SilviaÌ